Statistics for Biggest Cities in Iceland

Click here to take the quiz!

General Stats

  • This quiz has been taken 10 times
  • The average score is 4 of 11

Answer Stats

RankCity% Correct
# 1Reykjavík
100%
# 11Keflavik
67%
# 4Akureyri
56%
# 2Kopavogur
44%
# 5Gardabaer
33%
# 7Akranes
33%
# 6Mosfellsbaer
22%
# 8Selfoss
22%
# 3Hafnarfjoerdur
0%
# 9Isafjoerdur
0%
# 10Saudarkrokur
0%

Score Distribution

Percentile by Number Answered

Percent of People with Each Score

Your Score History

You have not taken this quiz